| 000 | 02210cam a22004098i 4500 | ||
|---|---|---|---|
| 001 | 991009418868905159 | ||
| 005 | 20250625112812.0 | ||
| 008 | 211201s2022 enk 000 f eng d | ||
| 015 |
_aGBC217702 _2bnb |
||
| 016 | 7 |
_a020480828 _2Uk |
|
| 020 | _a9780241542620 | ||
| 035 | _a(OCoLC)1308718996 | ||
| 035 | _a(EXLNZ-01OCUL_NETWORK)994470270705151 | ||
| 040 |
_aUKMGB _beng _erda _cUKMGB _dOCLCF _dALAUL _dOCL _dOCLCO _dOCLCL |
||
| 041 | _aeng | ||
| 050 | 4 |
_aPS3607.Y37 _bH66 2022 |
|
| 100 |
_aGyasi, Yaa _eauthor _925561 |
||
| 245 | 1 | 0 |
_aHomegoing _c/ Yaa Gyasi. |
| 246 | 3 | _aHome going | |
| 260 |
_aLondon : _bPenguin Books, _c2022. |
||
| 300 |
_a128 pages ; _c20 cm. |
||
| 490 |
_aPenguin readers ; _vLevel 7 |
||
| 500 | _aLevel 7. | ||
| 520 | _aEffia and Esi: two sisters with two very different destinies. One sold into slavery; one a slave trader's wife. The consequences of their fate reverberate through the generations that follow. Taking us from the Gold Coast of Africa to the cotton-picking plantations of Mississippi; from the missionary schools of Ghana to the dive bars of Harlem, spanning three continents and seven generations, Yaa Gyasi has written a miraculous novel - the intimate, gripping story of a brilliantly vivid cast of characters and through their lives the very story of America itself. | ||
| 520 | _aWith carefully adapted text, new illustrations, language practise activities and additional online resources, the Penguin Readers series introduces language learners to bestselling authors and compelling content. Titles include popular classics, exciting contemporary fiction, and thought-provoking non-fiction. Yaa Gyasi, a Level 7 Reader, is B2 in the CEFR framework. | ||
| 650 | 0 |
_aSisters _vFiction _922940 |
|
| 650 | 0 |
_aWomen, Black _vFiction _925563 |
|
| 650 | 0 |
_aSlavery _zUnited States _vFiction _925564 |
|
| 650 | 0 |
_aIntermarriage _zEngland _vFiction _925565 |
|
| 650 | 0 |
_aWomen _zGhana _vFiction |
|
| 650 | 0 |
_aArranged marriage _vFiction _925566 |
|
| 650 | 0 |
_aAfrican Americans _xHistory _vFiction _925567 |
|
| 651 | 0 |
_aGhana _xHistory _y18th century _vFiction _925568 |
|
| 655 | 0 |
_aReaders (Adult) _922484 |
|
| 655 | 0 |
_aHistorical fiction _922722 |
|
| 942 | _2lcc | ||
| 999 |
_c4789 _d4789 |
||